[Event "26th Klatovy B 2018"]
[Site "Klatovy CZE"]
[Date "2018.07.08"]
[Round "9.53"]
[White "Levinsky, Ladislav"]
[Black "Krejbich, Lukas"]
[Result "1-0"]
[WhiteElo "1515"]
[BlackElo "1299"]
[PlyCount "53"]
[EventDate "2018.06.30"]
[EventType "swiss"]
[EventRounds "9"]
[EventCountry "CZE"]

1. Nf3 Nc6 2. d4 e6 3. Bf4 h6 4. e3 Be7 5. Bd3 Nf6 6. e4 Nh5 7. Be3 d6 8. c3 Bg5 9. g3 e5 10. d5 Nb8 11. Nbd2 Bxe3 12. fxe3 O-O 13. Rf1 Bg4 14. Be2 Qd7 15. Nxe5 Bxe2 16. Qxe2 Qh3 17. Nef3 Qg4 18. O-O-O Nd7 19. Nd4 Qxe2 20. Nxe2 Ne5 21. Kc2 b5 22. Nd4 a6 23. b3 Ng4 24. Rde1 g6 25. h3 Ne5 26. g4 Nf6 27. Rxf6 1-0

[Event "26th Klatovy B 2018"]
[Site "Klatovy CZE"]
[Date "2018.07.08"]
[Round "9.54"]
[White "Martinek, Lukas"]
[Black "Souralova, Venuse"]
[Result "0-1"]
[WhiteElo "1215"]
[BlackElo "1453"]
[PlyCount "67"]
[EventDate "2018.06.30"]
[EventType "swiss"]
[EventRounds "9"]
[EventCountry "CZE"]

1. e4 c5 2. Nf3 d6 3. d4 cxd4 4. Nxd4 Nf6 5. Nc3 g6 6. Be3 Bg7 7. f3 O-O 8. Qd2 Nc6 9. g4 Bd7 10. O-O-O a5 11. Bh6 Nxd4 12. Bxg7 Nxf3 13. Qh6 Nxg4 14. Qf4 Kxg7 15. Qxf3 Ne5 16. Qg3 Qc7 17. Nd5 Qd8 18. h4 h5 19. Bg2 Rc8 20. Qg5 f6 21. Qg3 Rc5 22. Rhg1 Be6 23. Nf4 Bf7 24. Nxh5+ Kh7 25. Nf4 Rg8 26. Kb1 Qc7 27. Rd2 Qb6 28. Bf1 Bc4 29. Nd5 Bxd5 30. Rxd5 Rxd5 31. exd5 Qd4 32. Bh3 Nf3 33. Rh1 Nxh4 34. Be6 0-1

[Event "26th Klatovy B 2018"]
[Site "Klatovy CZE"]
[Date "2018.07.08"]
[Round "9.55"]
[White "Tomascik, Petr"]
[Black "Devera, Filip"]
[Result "1/2-1/2"]
[WhiteElo "1427"]
[BlackElo "1209"]
[PlyCount "36"]
[EventDate "2018.06.30"]
[EventType "swiss"]
[EventRounds "9"]
[EventCountry "CZE"]

1. d4 e6 2. c4 d5 3. cxd5 exd5 4. Nc3 Nf6 5. Nf3 Bb4 6. a3 Ba5 7. b4 Bb6 8. Bg5 c6 9. e3 Bg4 10. h3 Bh5 11. Be2 O-O 12. O-O Qd6 13. Bf4 Qe7 14. Ne5 Bxe2 15. Qxe2 Nbd7 16. Nxd7 Qxd7 17. Rac1 Bc7 18. Bxc7 Qxc7 1/2-1/2

[Event "26th Klatovy B 2018"]
[Site "Klatovy CZE"]
[Date "2018.07.08"]
[Round "9.56"]
[White "Vavrinkova, Marie"]
[Black "Ruzickova, Helena"]
[Result "0-1"]
[WhiteElo "1132"]
[BlackElo "1422"]
[PlyCount "122"]
[EventDate "2018.06.30"]
[EventType "swiss"]
[EventRounds "9"]
[EventCountry "CZE"]

1. e4 e5 2. Nf3 d6 3. d4 exd4 4. Nxd4 Nf6 5. Bg5 c6 6. Be2 Qa5+ 7. Qd2 Qxd2+ 8. Nxd2 Nbd7 9. f3 h6 10. Bh4 g5 11. Bg3 Nh5 12. Bf2 Nf4 13. Bf1 Nb6 14. Ne2 Nxe2 15. Bxe2 Bg7 16. O-O-O Be6 17. Nb3 Ke7 18. Nd4 Na4 19. Kb1 c5 20. Nxe6 fxe6 21. c3 a6 22. Bg3 Rhd8 23. Bc4 b5 24. Bb3 Nb6 25. Rd2 c4 26. Bc2 e5 27. Rhd1 a5 28. Bf2 Rab8 29. h4 Bf6 30. Rh1 b4 31. cxb4 axb4 32. hxg5 Bxg5 33. Bh4 Kf6 34. Bxg5+ Kxg5 35. Rhd1 Nc8 36. Rd5 Kf4 37. Ba4 Nb6 38. Rxd6 Rxd6 39. Rxd6 Nxa4 40. Rxh6 Rd8 41. Ra6 Nc5 42. Rc6 Nd3 43. Rxc4 Rd4 44. Rxd4 exd4 45. a4 bxa3 46. bxa3 Nc5 47. g4 d3 48. Kc1 Ke3 49. g5 Ne6 50. g6 Kxf3 51. a4 Kxe4 52. a5 Kf5 53. g7 Nxg7 54. a6 Ne8 55. Kd2 Ke4 56. a7 Nc7 57. a8=Q+ Nxa8 58. Kd1 Ke3 59. Ke1 Nb6 60. Kd1 Nc4 61. Kc1 Ke2 0-1

[Event "26th Klatovy B 2018"]
[Site "Klatovy CZE"]
[Date "2018.07.08"]
[Round "9.57"]
[White "Jelinek, Frantisek"]
[Black "Kadlec, Rudolf"]
[Result "1/2-1/2"]
[WhiteElo "1039"]
[BlackElo "1420"]
[PlyCount "81"]
[EventDate "2018.06.30"]
[EventType "swiss"]
[EventRounds "9"]
[EventCountry "CZE"]

1. d4 Nf6 2. Nf3 c5 3. Bf4 cxd4 4. Nxd4 Nc6 5. Nxc6 bxc6 6. Nc3 e6 7. e3 Bb4 8. Qd2 Ne4 9. Qd4 Bxc3+ 10. bxc3 Qf6 11. Bd3 Qxd4 12. cxd4 d5 13. O-O O-O 14. Bxe4 dxe4 15. Rab1 f5 16. c4 Ba6 17. Rfc1 Rf7 18. c5 Rb7 19. Rxb7 Bxb7 20. Rb1 Ba6 21. Rb8+ Rxb8 22. Bxb8 Bc4 23. Bxa7 Bxa2 24. Kf1 Kf7 25. Ke2 Bd5 26. f3 exf3+ 27. gxf3 g5 28. Bb8 h5 29. f4 g4 30. Kf2 h4 31. Bc7 Kg6 32. Bd8 Kh5 33. Bf6 g3+ 34. hxg3 h3 35. Kg1 Kg4 36. Kh2 Bg2 37. Be5 Kf3 38. Bf6 Kxe3 39. Be5 Ke4 40. Kg1 Kf3 41. Kh2 1/2-1/2

[Event "26th Klatovy B 2018"]
[Site "Klatovy CZE"]
[Date "2018.07.08"]
[Round "9.58"]
[White "Gorej, Vojtech"]
[Black "Lang, Simon"]
[Result "1/2-1/2"]
[WhiteElo "1633"]
[BlackElo "1381"]
[PlyCount "56"]
[EventDate "2018.06.30"]
[EventType "swiss"]
[EventRounds "9"]
[EventCountry "CZE"]

1. e4 e6 2. d4 d5 3. exd5 exd5 4. Nf3 Bd6 5. Nc3 Ne7 6. Bg5 f6 7. Bh4 c6 8. Bg3 O-O 9. Be2 Bg4 10. O-O Re8 11. Bxd6 Qxd6 12. h3 Bh5 13. Re1 Nd7 14. Qd2 Nb6 15. b3 Bf7 16. Bd3 Ng6 17. Rxe8+ Rxe8 18. Re1 Rxe1+ 19. Qxe1 Nf4 20. h4 Nxd3 21. cxd3 Bg6 22. Qe2 Nd7 23. Kf1 Nf8 24. Qe3 Ne6 25. Ne2 Kf7 26. g4 h6 27. h5 Bh7 28. Kg2 Qc7 1/2-1/2

[Event "26th Klatovy B 2018"]
[Site "Klatovy CZE"]
[Date "2018.07.08"]
[Round "9.59"]
[White "Sykora, Vaclav"]
[Black "Filip, Petr 1952"]
[Result "1-0"]
[WhiteElo "1529"]
[BlackElo "1354"]
[PlyCount "75"]
[EventDate "2018.06.30"]
[EventType "swiss"]
[EventRounds "9"]
[EventCountry "CZE"]

1. c4 Nf6 2. Nc3 g6 3. d4 Bg7 4. Nf3 O-O 5. Bg5 Ne8 6. e3 c6 7. Be2 d5 8. O-O Nc7 9. Qc2 Ne6 10. Bh4 dxc4 11. Bxc4 Nc7 12. Rad1 Be6 13. Bxe6 Nxe6 14. d5 cxd5 15. Nxd5 f6 16. Nxf6+ exf6 17. Rxd8 Rxd8 18. b3 Nc6 19. a3 a5 20. h3 Rac8 21. Qc4 Re8 22. Rd1 Ne5 23. Qe2 Nf7 24. Bg3 Rc3 25. Rd3 Rc1+ 26. Kh2 Rec8 27. Rd1 R1c3 28. Qb5 Nc5 29. Nd4 Ng5 30. Qxa5 Nge4 31. b4 Nd7 32. Qd5+ Kh8 33. Qxe4 Ne5 34. Ne6 f5 35. Qxb7 Bf6 36. Bh4 R8c7 37. Bxf6+ Kg8 38. Nxc7 1-0

[Event "26th Klatovy B 2018"]
[Site "Klatovy CZE"]
[Date "2018.07.08"]
[Round "9.60"]
[White "Filip, Stepan"]
[Black "Cinkova, Vicky"]
[Result "1/2-1/2"]
[WhiteElo "1307"]
[BlackElo "1133"]
[PlyCount "55"]
[EventDate "2018.06.30"]
[EventType "swiss"]
[EventRounds "9"]
[EventCountry "CZE"]

1. e4 d5 2. exd5 Qxd5 3. Nc3 Qa5 4. d4 Nf6 5. Bd2 c6 6. Nf3 Bg4 7. Bc4 Nbd7 8. O-O e6 9. h3 Bh5 10. Nd5 Qd8 11. Nf4 Bxf3 12. Qxf3 Nb6 13. Qd3 Be7 14. Rfe1 O-O 15. Rad1 Rc8 16. Nxe6 fxe6 17. Bxe6+ Kh8 18. Bxc8 Nxc8 19. Re2 Bd6 20. Rde1 Bb8 21. Bb4 Qc7 22. g3 Rd8 23. Qe3 a5 24. Qe8+ Rxe8 25. Rxe8+ Ng8 26. Bc5 h6 27. Rf8 b6 28. Ree8 1/2-1/2

[Event "26th Klatovy B 2018"]
[Site "Klatovy CZE"]
[Date "2018.07.08"]
[Round "9.61"]
[White "Vesely, Jan"]
[Black "Lhotsky, Zdenek 1966"]
[Result "0-1"]
[WhiteElo "1112"]
[BlackElo "1305"]
[PlyCount "120"]
[EventDate "2018.06.30"]
[EventType "swiss"]
[EventRounds "9"]
[EventCountry "CZE"]

1. e4 c5 2. Nc3 Nc6 3. Nf3 d6 4. Bb5 Bd7 5. Bxc6 Bxc6 6. d3 e5 7. Bd2 Nf6 8. Bg5 Be7 9. Bxf6 Bxf6 10. Qd2 d5 11. exd5 Bxd5 12. Qe3 Qd6 13. Nb5 Qc6 14. c4 Bxf3 15. Qxf3 Qd7 16. Qxb7 Qxb7 17. Nd6+ Kd7 18. Nxb7 Kc6 19. Na5+ Kb6 20. Nb3 Rad8 21. Rd1 Rd7 22. O-O Rhd8 23. Nc1 e4 24. g3 Bxb2 25. Rfe1 exd3 26. Nb3 d2 27. Re3 Rd6 28. a4 Ba3 29. a5+ Kc6 30. Re2 Bb4 31. Re5 Rd3 32. Re3 Rxe3 33. fxe3 Rd3 34. Na1 Bxa5 35. Kf1 Ra3 36. Ke2 Ra2 37. h3 Kd6 38. Nb3 Bb4 39. Na1 Ke5 40. Kf3 a5 41. Ke2 Ke4 42. Rb1 h5 43. Rd1 g5 44. Nb3 f5 45. Na1 Rb2 46. Kf2 a4 47. Ke2 a3 48. Kf2 a2 49. Ke2 Rb1 50. Nb3 Rxd1 51. Kxd1 Bc3 52. Ke2 a1=Q 53. Nxa1 Bxa1 54. Kd1 Kxe3 55. g4 hxg4 56. hxg4 fxg4 57. Kc2 Ke2 58. Kb3 d1=Q+ 59. Ka3 Qb1 60. Ka4 Qb4# 0-1

[Event "26th Klatovy B 2018"]
[Site "Klatovy CZE"]
[Date "2018.07.08"]
[Round "9.62"]
[White "Berkovec, Josef"]
[Black "Safarova, Magdalena"]
[Result "1-0"]
[WhiteElo "1000"]
[BlackElo "1172"]
[PlyCount "81"]
[EventDate "2018.06.30"]
[EventType "swiss"]
[EventRounds "9"]
[EventCountry "CZE"]

1. Nf3 d5 2. d4 Nc6 3. e3 Bf5 4. Nbd2 Nf6 5. c3 e6 6. h3 Bd6 7. Nh4 O-O 8. Nxf5 exf5 9. Nf3 Re8 10. Be2 Ne4 11. Qb3 Ne7 12. Qxb7 Qd7 13. Ne5 Qe6 14. Qa6 f6 15. Nf3 Qf7 16. c4 Qg6 17. O-O f4 18. c5 Nxc5 19. dxc5 Bxc5 20. exf4 Nf5 21. Bd3 Qg3 22. Bxf5 Bxf2+ 23. Rxf2 Re7 24. Bd2 Rae8 25. Re1 Rxe1+ 26. Bxe1 Rxe1+ 27. Nxe1 Qe3 28. Qe6+ Qxe6 29. Bxe6+ Kf8 30. Bxd5 Ke7 31. Re2+ Kd6 32. Bf7 Kd7 33. Nd3 Kc8 34. Nc5 c6 35. Re7 Kb8 36. Be6 Ka8 37. Rb7 a5 38. Bd7 a4 39. Bxc6 g6 40. Na6 h6 41. Nc7# 1-0

[Event "26th Klatovy B 2018"]
[Site "Klatovy CZE"]
[Date "2018.07.08"]
[Round "9.63"]
[White "Stanke, Vilem"]
[Black "Bukvaj, Jan"]
[Result "1-0"]
[WhiteElo "1366"]
[BlackElo "1051"]
[PlyCount "85"]
[EventDate "2018.06.30"]
[EventType "swiss"]
[EventRounds "9"]
[EventCountry "CZE"]

1. e4 e5 2. Nf3 Nc6 3. Bc4 Nf6 4. Nc3 Nxe4 5. Nxe4 d5 6. Bb3 dxe4 7. Ng1 Bd6 8. Ne2 O-O 9. Ng3 Be6 10. Bxe6 fxe6 11. Nxe4 Qh4 12. Ng3 Qf6 13. O-O Bc5 14. Ne4 Qe7 15. c3 Bb6 16. b4 Qh4 17. Qe2 Qe7 18. a4 a6 19. Ba3 Qd7 20. b5 Rfd8 21. bxc6 Qxc6 22. Bb2 Rd7 23. Qg4 Rf8 24. Qe2 Rf4 25. d3 Rf8 26. c4 Rfd8 27. a5 Ba7 28. Rad1 Qa4 29. Bc3 Bd4 30. Ra1 Qc6 31. Bxd4 exd4 32. Qf3 Rf7 33. Qh3 h6 34. Rfe1 Re8 35. Nd2 Kh7 36. Nf3 Rfe7 37. Nxd4 Qd6 38. Nf3 Qxd3 39. Ng5+ Kg8 40. Qxd3 hxg5 41. Qg6 Rf7 42. Rxe6 Rxe6 43. Qxe6 1-0

[Event "26th Klatovy B 2018"]
[Site "Klatovy CZE"]
[Date "2018.07.08"]
[Round "9.64"]
[White "Skutil, Frantisek Elias"]
[Black "Zimmermann, Ladislav"]
[Result "1-0"]
[WhiteElo "1100"]
[BlackElo "1300"]
[PlyCount "41"]
[EventDate "2018.06.30"]
[EventType "swiss"]
[EventRounds "9"]
[EventCountry "CZE"]

1. e4 e5 2. Nf3 Nc6 3. d4 Nxd4 4. Nxd4 exd4 5. Qxd4 c5 6. Qe3 Ne7 7. Nc3 g6 8. Bc4 Bg7 9. Bd2 O-O 10. O-O d6 11. Qg3 Kh8 12. Rfe1 f5 13. Bg5 Bf6 14. Bh6 Bg7 15. Bxg7+ Kxg7 16. Ne2 Nc6 17. Nf4 Re8 18. Nh5+ Kh8 19. Qc3+ Nd4 20. Rad1 Be6 21. Rxd4 1-0

[Event "26th Klatovy B 2018"]
[Site "Klatovy CZE"]
[Date "2018.07.08"]
[Round "9.65"]
[White "Vojir, Vaclav 2005"]
[Black "Berkovec, Jakub"]
[Result "1-0"]
[WhiteElo "1225"]
[BlackElo "1000"]
[PlyCount "37"]
[EventDate "2018.06.30"]
[EventType "swiss"]
[EventRounds "9"]
[EventCountry "CZE"]

1. d4 d5 2. c4 dxc4 3. e3 e6 4. Bxc4 Nf6 5. Nc3 Be7 6. Nf3 O-O 7. O-O Nc6 8. a3 Bd7 9. e4 Na5 10. Ba2 Nc6 11. Bf4 Bd6 12. e5 Be7 13. exf6 Bxf6 14. Re1 g6 15. Qd2 Bg7 16. Bh6 Bxh6 17. Qxh6 Ne7 18. Ng5 Nf5 19. Qxh7# 1-0

[Event "26th Klatovy B 2018"]
[Site "Klatovy CZE"]
[Date "2018.07.08"]
[Round "9.66"]
[White "Merinsky, Stanislav"]
[Black "Skalicky, Jindrich"]
[Result "0-1"]
[WhiteElo "1000"]
[BlackElo "1225"]
[PlyCount "100"]
[EventDate "2018.06.30"]
[EventType "swiss"]
[EventRounds "9"]
[EventCountry "CZE"]

1. f4 d5 2. Nf3 Nf6 3. b3 g6 4. Bb2 Bg7 5. e3 Bg4 6. Bb5+ c6 7. Be2 Bxf3 8. Bxf3 O-O 9. d3 Nbd7 10. Nd2 Qc7 11. O-O Rac8 12. Bg4 Nxg4 13. Qxg4 Bxb2 14. Rad1 Bg7 15. a3 Nf6 16. Qh4 Qb6 17. Rf3 h5 18. Kh1 Ng4 19. Nf1 Bf6 20. Qg3 Nh6 21. Re1 Nf5 22. Qh3 Nh6 23. e4 dxe4 24. Rxe4 Ng4 25. Qg3 Bd4 26. Ne3 Bxe3 27. Rfxe3 Nxe3 28. Rxe3 Qd4 29. h3 e6 30. Re5 Qa1+ 31. Re1 Qxa3 32. Re5 Rce8 33. h4 Qc1+ 34. Kh2 Qxc2 35. Rxh5 Qb2 36. Qg5 Qg7 37. Rh6 f6 38. Qxg6 Qxg6 39. Rxg6+ Kf7 40. Rg3 Rh8 41. Kh3 b5 42. Re3 a5 43. Re2 a4 44. bxa4 bxa4 45. Rb2 a3 46. Rb7+ Re7 47. Rb1 a2 48. Ra1 Ra7 49. g3 Rb8 50. g4 Rb1 0-1

[Event "26th Klatovy B 2018"]
[Site "Klatovy CZE"]
[Date "2018.07.08"]
[Round "9.67"]
[White "Nova, Anezka"]
[Black "Bukvaj, Martin"]
[Result "0-1"]
[WhiteElo "1033"]
[BlackElo "1123"]
[PlyCount "74"]
[EventDate "2018.06.30"]
[EventType "swiss"]
[EventRounds "9"]
[EventCountry "CZE"]

1. e4 c5 2. Nf3 Nc6 3. Bc4 e6 4. d3 Nf6 5. Bg5 Be7 6. Nc3 h6 7. Bh4 g5 8. Bg3 Nh5 9. Be5 Nxe5 10. Nxe5 Nf6 11. Bb5 a6 12. Ba4 b5 13. Bb3 d6 14. Nc6 Qc7 15. Nxe7 Qxe7 16. O-O Bb7 17. Re1 Rd8 18. e5 dxe5 19. Rxe5 Qc7 20. Qe1 Rd6 21. Qe3 Qc6 22. f3 O-O 23. Rxc5 Qd7 24. Re5 Kh7 25. Qd2 Qc6 26. Re3 g4 27. Rf1 Rg8 28. Kh1 gxf3 29. gxf3 Rg6 30. Rg1 Rxg1+ 31. Kxg1 Rd8 32. Kf1 Rg8 33. Ke2 Rg2+ 34. Kd1 Rxd2+ 35. Kxd2 Nd5 36. Bxd5 exd5 37. Re7 Kg7 0-1

[Event "26th Klatovy B 2018"]
[Site "Klatovy CZE"]
[Date "2018.07.08"]
[Round "9.68"]
[White "Cinkova, Lenka"]
[Black "Souralova, Jana"]
[Result "1-0"]
[WhiteElo "1000"]
[BlackElo "1100"]
[PlyCount "89"]
[EventDate "2018.06.30"]
[EventType "swiss"]
[EventRounds "9"]
[EventCountry "CZE"]

1. d4 d5 2. c4 e6 3. Nc3 Nf6 4. f3 c5 5. e3 Nc6 6. cxd5 exd5 7. Bd2 cxd4 8. exd4 Nxd4 9. Qa4+ Nc6 10. Bb5 Bd7 11. O-O-O Be7 12. Bg5 O-O 13. h4 h6 14. Bxf6 Bxf6 15. g3 Bxc3 16. bxc3 a6 17. Bd3 b5 18. Qc2 Rc8 19. g4 b4 20. Bh7+ Kh8 21. Ne2 g6 22. Bxg6 fxg6 23. Qxg6 Qf6 24. Qxf6+ Rxf6 25. g5 Rg6 26. Nf4 Rd6 27. Nxd5 bxc3 28. Nb6 Rxd1+ 29. Rxd1 c2 30. Rxd7 Nb4 31. a3 Rb8 32. Nc4 Rc8 33. Ne5 Na2+ 34. Kd2 c1=Q+ 35. Kd3 Rc3+ 36. Ke4 Qe3+ 37. Kf5 Nc1 38. g6 Nd3 39. Nf7+ Kg7 40. Ng5+ Kg8 41. Rd8+ Kg7 42. Rd7+ Kf8 43. Nh7+ Kg8 44. Nf6+ Kf8 45. g7# 1-0

[Event "26th Klatovy B 2018"]
[Site "Klatovy CZE"]
[Date "2018.07.08"]
[Round "9.69"]
[White "Zeman, Jiri 2004"]
[Black "Roubal, Matyas"]
[Result "1-0"]
[WhiteElo "1093"]
[BlackElo "1100"]
[PlyCount "71"]
[EventDate "2018.06.30"]
[EventType "swiss"]
[EventRounds "9"]
[EventCountry "CZE"]

1. e4 e5 2. Nf3 Nc6 3. Nc3 Nf6 4. Bb5 Bb4 5. O-O Bxc3 6. dxc3 Nxe4 7. Bxc6 bxc6 8. Nxe5 d6 9. Nxc6 Qd7 10. Nd4 O-O 11. Qf3 Bb7 12. Nf5 Qe6 13. Qg4 Qg6 14. Ne7+ Kh8 15. Nxg6+ hxg6 16. Be3 Rfe8 17. Qd7 Rac8 18. Qb5 Rb8 19. Bxa7 c6 20. Qb6 Nc5 21. Bxb8 Rxb8 22. Qc7 Ra8 23. Qxd6 Ne4 24. Qb4 c5 25. Qxb7 Re8 26. Qc6 Re7 27. Rfe1 Re6 28. Qxe4 Rxe4 29. Rxe4 f5 30. Re7 Kg8 31. Rd1 Kf8 32. Rdd7 g5 33. Rxg7 Ke8 34. Ra7 Kf8 35. Rgb7 Kg8 36. Rb8# 1-0

[Event "26th Klatovy B 2018"]
[Site "Klatovy CZE"]
[Date "2018.07.08"]
[Round "9.70"]
[White "Skrivan, Matej 2008"]
[Black "Nova, Michaela 1970"]
[Result "1-0"]
[WhiteElo "1056"]
[BlackElo "1000"]
[PlyCount "39"]
[EventDate "2018.06.30"]
[EventType "swiss"]
[EventRounds "9"]
[EventCountry "CZE"]

1. e4 d5 2. exd5 Nf6 3. Nc3 Nxd5 4. Nxd5 Qxd5 5. Nf3 Bf5 6. d4 Nc6 7. Be2 e6 8. O-O O-O-O 9. Bg5 f6 10. c4 Qd7 11. Be3 Bd6 12. d5 Qf7 13. dxc6 Qh5 14. h3 Bxh3 15. cxb7+ Kd7 16. Ne5+ fxe5 17. Bxh5 g6 18. Qa4+ c6 19. Qxa7 c5 20. b8=Q+ 1-0